| 000 | 00756cam a2200217 a 4500 | ||
|---|---|---|---|
| 001 | 000009206 | ||
| 005 | 20200929161522.0 | ||
| 008 | 861120s1985 nq a 000 f spa | ||
| 040 |
_aDO-SdBNP _cDLC _dDLC |
||
| 082 |
_aN863.4 _bS469g |
||
| 100 | 1 |
_aSelva, Salomón de la, _d1893-1959. _914388 |
|
| 245 | 1 | 3 |
_aLa guerra de Sandino o Pueblo desnudo / _cSalomón de la Selva. |
| 260 |
_aManagua, Nicaragua : _bNueva Nicaragua, _c1985. |
||
| 300 |
_a122 p. : _bil. ; _c19 cm. |
||
| 490 | 1 |
_aBiblioteca popular sandinista _v22 |
|
| 650 | 4 |
_aNovela nicaraguense _ySIGLO XX _923886 |
|
| 650 | 4 |
_aLiteratura nicaraguense _ySIGLO XX _98729 |
|
| 740 | 0 | _aPueblo desnudo. | |
| 830 | 0 |
_aBiblioteca popular sandinista ; _v22 _914389 |
|
| 910 | _aCatalogación por copia / LC | ||
| 999 |
_c8969 _d8969 |
||